The Only Remaining US State... - Statistics

General Stats
  • This quiz has been taken 561 times
  • The average score is 36 of 50
Answers on the Map
Answers color-coded by a green-red scale on the quiz's map according to % correct below.
 
Answer Stats
Hint Answer % Correct
Not in the continental 48 Hawaii
99%
With over 35 million people California
98%
That borders 4 Great Lakes Michigan
98%
That is bigger than Chad Alaska
97%
Where a Disney World is located Florida
97%
That borders the nation's capital Maryland
96%
Where 8 presidents were born Virginia
90%
That starts with M and has 8 letters Missouri
89%
That borders Mexico New Mexico
88%
That borders only one state Maine
86%
With a city with over 10 million people New York
86%
That touches the Pacific Ocean Oregon
86%
With over 25% of its population speaking Spanish Texas
86%
With "New" in its name New Jersey
85%
That is named after a US president Washington
85%
That is smaller than Cape Verde Rhode Island
84%
That borders 8 US states Tennessee
84%
Where Lake Tahoe is located Nevada
81%
With less than 600,000 people Wyoming
81%
With a high temperature of 128 degrees Fahrenheit Arizona
80%
To border Quebec Vermont
78%
With a point over 14,000 feet high Colorado
77%
That borders Lake Erie Pennsylvania
77%
That is one of the Four Corner states Utah
77%
To border 3 Canadian provinces Montana
72%
With an 18-mile coast New Hampshire
72%
That borders 3 states that were previous answers Georgia
69%
To have a part of Yellowstone Idaho
69%
With a moon on its flag South Carolina
69%
With a red cross on its flag Alabama
68%
To border at least 7 states Kentucky
66%
With all of their neighbors already answered North Carolina
66%
To touch a Great Lake Minnesota
65%
To be a two-word state South Dakota
65%
That does not border any of the previous answers North Dakota
64%
With a team in the 2022 Super Bowl Ohio
64%
With over 10 million people Illinois
61%
To join the Union in 1787 Delaware
55%
With its capital name in the state name Indiana
55%
To be one of the last 5 states to join the Union Oklahoma
55%
To have another state's name in its name Arkansas
52%
With two separate electoral voting districts Nebraska
51%
With all of its neighbors already answered West Virginia
51%
With a team in the 2022 NCAA championship game Kansas
50%
That has a coast Louisiana
49%
To vote blue in the 2020 US election Connecticut
48%
That voted La Follette in the 1924 US election Wisconsin
48%
To join the Union in February Massachusetts
43%
With a one-word capital Mississippi
41%
To be a state Iowa
40%
No matching quizzes found
Score Distribution
Percent of People with Each Score
Percentile by Number Answered
Your Score History
You have not taken this quiz